Loading...
| Current Events | 1 | 20.00 | 100% | 100% | 0% |
| Fine Arts - Classical Music | 7 | 14.29 | 86% | 43% | 14% |
| Fine Arts - Other Fine Arts | 1 | 0.00 | 0% | 0% | 0% |
| Geography | 4 | 22.50 | 100% | 100% | 25% |
| History - American History | 7 | 15.71 | 86% | 43% | 29% |
| History - European History | 4 | 22.50 | 100% | 100% | 25% |
| History - Other History | 4 | 17.50 | 100% | 50% | 25% |
| History - World History | 4 | 10.00 | 75% | 25% | 0% |
| Literature - American Literature | 3 | 6.67 | 67% | 0% | 0% |
| Literature - British Literature | 4 | 5.00 | 50% | 0% | 0% |
| Literature - European Literature | 4 | 12.50 | 100% | 25% | 0% |
| Literature - World Literature | 3 | 13.33 | 100% | 33% | 0% |
| Mythology | 6 | 20.00 | 100% | 50% | 50% |
| Painting/Sculpture | 2 | 10.00 | 100% | 0% | 0% |
| Philosophy | 4 | 20.00 | 75% | 75% | 50% |
| Pop Culture | 5 | 14.00 | 100% | 40% | 0% |
| Religion | 4 | 12.50 | 100% | 25% | 0% |
| Science - Biology | 3 | 20.00 | 100% | 67% | 33% |
| Science - Chemistry | 3 | 13.33 | 67% | 67% | 0% |
| Science - Other Science | 6 | 15.00 | 100% | 50% | 0% |
| Science - Physics | 3 | 13.33 | 100% | 33% | 0% |
| Social Science | 3 | 10.00 | 100% | 0% | 0% |